000 00358nam a2200145 i 4500
001 bg
100 1 _aDOROZIK, Leon
245 0 _aInformatyka w koordynacji przewozów samochodowych /
_cLeon Dorozik.
260 _aWarszawa,
_c1977.
040 _cBPK
041 _apol
080 _a656.13:681.3
942 _cKS
008 s pl f |000 0 pol
999 _c20193
_d20193
856 _uhttp://koha.tu.koszalin.pl/cgi-bin/koha/opac-detail.pl?biblionumber=20193
_yKatalog online BPK